Quel est le premier humain à atteindre ... ? - Statistiques

Statistiques générales
  • Ce quiz a été pris 39 fois
  • Le résultat moyen est 3 sur 10
Statistiques - réponses
Endroit Année Réponse % Correct
la Lune 1969 Neil Armstrong
97%
l'Espace 1961 Youri Gagarine
89%
le Pôle Sud 1911 Roald Amundsen
38%
le Pôle Nord 1909-1926 Robert Peary | Roald Amundsen
38%
le Mont Everest 1953 Edmund Hillary | Tensing Norgay
32%
le Cercle antarctique 1773 James Cook
32%
la fosse des Mariannes 1960 Jacques Piccard | Don Walsh
3%
les airs (à voler) 1783 Jean-François Pilâtre de Rozier | François Laurent d'Arlandes
3%
la rivière souterraine du gouffre de Padirac 1869 Édouard-Alfred Martel
0%
l'Antarctique 1819 William Smith
0%
Aucun quiz correspondant
Distribution des résultats
% des personnes avec chaque résultat
Percentile par nombre de réponses
Votre historique - résultats
Vous n’avez pas pris ce quiz